| 000 -ლიდერი |
| ფიქსირებული სიგრძის საკონტროლო ველი |
00845nam a22001817a 4500 |
| 003 - საკონტროლო ნომრის იდენტიფიკატორი |
| საკონტროლო ველი |
Ge_BSU |
| 005 - ბოლო ოპერაციის თარიღი და დრო |
| საკონტროლო ველი |
20240628102856.0 |
| 008 - ფიქსირებული სიგრძის მონაცემთა ელემენტები - ზოგადი ინფორმაცია |
| ფიქსირებული სიგრძის საკონტროლო ველი |
240628s1956 g ||||| |||| 00| 0 geo d |
| 041 ## - ენის კოდი |
| Language code of text/sound track or separate title |
geo |
| 080 ## - უნივერსალური ათობითი კლასიფიკაციის ინდექსი |
| Universal Decimal Classification number |
61(479.22)(09) შ-48 |
| 100 ## - მთავარი ჩანაწერი - პიროვნების სახელი |
| Personal name |
შენგელია, მ. (მიხეილ) |
| 9 (RLIN) |
22623 |
| 245 ## - ცნობა სათაურის შესახებ |
| Title |
ნარკვევები მედიცინის ისტორიიდან საქართველოში / |
| Statement of responsibility, etc |
მიხეილ შენგელია; რედ. მ. სააკაშვილი. |
| 264 ## - წარმოების, გამოცემის, დისტრიბუციის და სხვა ცნობები |
| გამოცემის, წარმოების, დისტრიბუციის... ადგილი |
თბილისი : |
| გამოცემის, წარმოების, დისტრიბუციის... სახელწოდება |
საქმედგამი, |
| გამოცემის, წარმოების, დისტრიბუციის... თარიღი |
1956. |
| 300 ## - ფიზიკური აღწერა |
| Extent |
136 გვ. ; |
| Other physical details |
21 სმ. |
| 653 ## - INDEX TERM--UNCONTROLLED |
| Uncontrolled term |
მედიცინის ისტორია |
| 700 ## - ADDED ENTRY--PERSONAL NAME |
| Personal name |
სააკაშვილი, მ. |
| Relator term |
რედაქტორი |
| 9 (RLIN) |
22624 |
| 942 ## - ADDED ENTRY ELEMENTS (KOHA) |
| Source of classification or shelving scheme |
|
| Koha item type |
წიგნი |